000 00619nam a2200205Ia 4500
005 20250923150039.0
008 008 250917s9999 xx 000 0 eng d
037 _aTextual
040 _aDSWL
_beng
_cDSWL
041 _aeng
_2eng
084 _aT:3(R37), N99
_qDSWL
100 _aSharma, Namrata
_9841634
245 0 _aValue creators in educations : Japanese education makignchi and Mahatma Gandhi
_c by Namrata Sharma
260 _aNew Delhi
_bRegency Publication
_c1999
300 _a136 p.
365 _aINR
_b300
925 _g300
942 _cTEXL
_hT:3(R37), N99
999 _c1458938
_d1458938